Persona y educación: estudio filosófico del sujeto educando y de los fines de la educación
Saved in:
| Main Author: | |
|---|---|
| Format: | Book |
| Language: | Spanish |
| Published: |
Valparaíso
Universitarias de Valparaíso
1985
|
| Subjects: | |
| Tags: |
Add Tag
No Tags, Be the first to tag this record!
|
MARC
| LEADER | 00000cam a2200000 a 4500 | ||
|---|---|---|---|
| 001 | UCW3852 | ||
| 003 | CL-VaPUC | ||
| 008 | 890420e19850000CL |||||||||||||||||spa|d | ||
| 082 | 0 | 4 | |a 370.1 |b VAL |2 21 |
| 100 | 0 | |a Valenzuela Fuenzalida, Alvaro |e author |9 308262 | |
| 245 | 1 | 0 | |a Persona y educación: estudio filosófico del sujeto educando y de los fines de la educación |
| 300 | |a 444 p | ||
| 942 | |c BK | ||
| 945 | |d 19890420 00:00:00 | ||
| 260 | |a Valparaíso |b Universitarias de Valparaíso |c 1985 | ||
| 650 | 0 | |a Filosofía de la educación |9 258384 | |
| 650 | 0 | |a Educación |9 258661 | |
| 650 | 7 | |a FINES Y OBJETIVOS |2 CL-VaPUC |9 308263 | |
| 583 | |a last modification |c 20150825 09:17:52 |k Rodrigo Vera | ||
| 999 | |c 217733 |d 217731 | ||
| 952 | |0 0 |1 0 |4 0 |6 370_100000000000000_VAL_1985 |7 0 |8 P |9 205873 |a BIBEDU |b BIBEDU |d 2019-11-15 |i 273818K |o 370.1 VAL 1985 |p 273818K |r 2019-11-15 |w 2019-11-15 |y BK |k EDU | ||
| 952 | |0 0 |1 0 |4 0 |6 370_100000000000000_VAL_1985 |7 0 |8 P |9 205874 |a BIBEDU |b BIBEDU |c BIBEDU_PB |d 2019-11-15 |i 273821K |o 370.1 VAL 1985 |p 273821K |r 2024-01-25 |w 2019-11-15 |y BK |k EDU | ||
| 952 | |0 0 |1 0 |4 0 |6 370_100000000000000_VAL_1985 |7 0 |8 P |9 205875 |a BIBEDU |b BIBEDU |c BIBEDU_PB |d 2019-11-15 |i 2738236 |o 370.1 VAL 1985 |p 2738236 |r 2024-01-25 |w 2019-11-15 |y BK |k EDU | ||
| 952 | |0 0 |1 0 |2 ddc |4 0 |6 370_100000000000000_VAL_1985 |7 0 |8 P |9 205876 |a BIBGIM |b BIBGIM |d 2019-11-15 |i 2738244 |o 370.1 VAL 1985 |p 2738244 |r 2025-01-15 |w 2019-11-15 |y BK |k SSL | ||
| 952 | |0 0 |1 0 |2 ddc |4 0 |6 370_100000000000000_VAL_1985 |7 0 |8 P |9 205877 |a BIBGIM |b BIBGIM |d 2019-11-15 |i 2738252 |o 370.1 VAL 1985 |p 2738252 |r 2025-01-15 |w 2019-11-15 |y BK |k SSL | ||
| 952 | |0 0 |1 0 |3 erb |4 0 |6 370_100000000000000_VAL_1985 |7 0 |8 X |9 205878 |a FDOBUD |b FDOBUD |e Valenzuela Fuenzalida, Alvaro Miguel, 1932- |i 5203120 |o 370.1 VAL 1985 |p 5203120 |r 2019-11-15 |w 2019-11-15 |y BK_X |z Catalogado en:20150827 |k FHP | ||